[Event "DEM U18 2023"]
[Site "Willingen GER"]
[Date "2023.05.31"]
[Round "5"]
[White "Pikalow, Michael"]
[Black "Evering, Sören"]
[Result "1-0"]
[Termination "normal"]
[Board "11"]
[WhiteElo "2147"]
[BlackElo "2061"]
[WhiteClock "00:06:10"]
[BlackClock "00:02:40"]
[PlyCount "149"]
[WhiteFideId "16227638"]
[BlackFideId "12974650"]
[EventCountry "GER"]
[EventRounds "9"]
[EventType "swiss"]
[EventDate "2023.05.27"]

1. e4 {[%clk 01:30:58]} {[%emt 00:00:04]} e5 {[%clk 01:30:55]} {[%emt
00:00:05]} 2. Nf3 {[%clk 01:31:22]} {[%emt 00:00:04]} Nc6 {[%clk 01:31:19]}
{[%emt 00:00:05]} 3. Bc4 {[%clk 01:31:44]} {[%emt 00:00:09]} Nf6 {[%clk
01:31:36]} {[%emt 00:00:13]} 4. Ng5 {[%clk 01:32:12]} {[%emt 00:00:02]} d5
{[%clk 01:30:58]} {[%emt 00:01:08]} 5. exd5 {[%clk 01:32:34]} {[%emt 00:00:09]}
Na5 {[%clk 01:30:23]} {[%emt 00:01:04]} 6. Bb5+ {[%clk 01:33:00]} {[%emt
00:00:05]} c6 {[%clk 01:30:49]} {[%emt 00:00:09]} 7. dxc6 {[%clk 01:33:26]}
bxc6 {[%clk 01:31:14]} {[%emt 00:00:09]} 8. Be2 {[%clk 01:33:52]} h6 {[%clk
01:21:16]} {[%emt 00:10:29]} 9. Nh3 {[%clk 01:33:30]} {[%emt 00:00:49]} Nd5
{[%clk 01:17:05]} {[%emt 00:04:42]} 10. Bg4 {[%clk 01:31:03]} {[%emt 00:02:58]}
Ba6 {[%clk 01:13:20]} {[%emt 00:04:15]} 11. d3 {[%clk 01:20:46]} {[%emt
00:10:47]} Bd6 {[%clk 01:12:23]} {[%emt 00:01:27]} 12. O-O {[%clk 01:03:10]}
{[%emt 00:18:05]} O-O {[%clk 01:11:28]} {[%emt 00:01:27]} 13. c4 {[%clk
01:01:20]} {[%emt 00:02:20]} Ne7 {[%clk 01:06:25]} {[%emt 00:05:32]} 14. Qa4
{[%clk 00:45:40]} {[%emt 00:16:11]} Bc7 {[%clk 00:46:18]} {[%emt 00:20:36]} 15.
Bd2 {[%clk 00:37:41]} {[%emt 00:08:31]} f5 {[%clk 00:38:05]} {[%emt 00:08:40]}
16. Be2 {[%clk 00:36:01]} {[%emt 00:02:12]} Bc8 {[%clk 00:35:47]} {[%emt
00:02:52]} 17. Bc3 {[%clk 00:20:24]} {[%emt 00:16:02]} f4 {[%clk 00:34:19]}
{[%emt 00:01:59]} 18. Nd2 {[%clk 00:17:46]} {[%emt 00:03:09]} Nb7 {[%clk
00:29:09]} {[%emt 00:05:39]} 19. Kh1 {[%clk 00:14:53]} {[%emt 00:03:25]} Bf5
{[%clk 00:18:24]} {[%emt 00:11:14]} 20. Qb4 {[%clk 00:07:24]} {[%emt 00:07:58]}
Rb8 {[%clk 00:17:40]} {[%emt 00:01:14]} 21. Rad1 {[%clk 00:06:32]} {[%emt
00:01:22]} a5 {[%clk 00:07:38]} {[%emt 00:10:34]} 22. Qa3 {[%clk 00:06:19]}
{[%emt 00:00:45]} Qd7 {[%clk 00:06:39]} {[%emt 00:01:25]} 23. Ng1 {[%clk
00:06:06]} {[%emt 00:00:43]} Bd6 {[%clk 00:06:44]} {[%emt 00:00:26]} 24. Qa4
{[%clk 00:06:23]} {[%emt 00:00:13]} Qe6 {[%clk 00:05:36]} {[%emt 00:01:38]} 25.
Ne4 {[%clk 00:05:49]} {[%emt 00:01:06]} Rfd8 {[%clk 00:04:40]} {[%emt
00:01:26]} 26. Rfe1 {[%clk 00:04:57]} {[%emt 00:01:19]} Bxe4 {[%clk 00:03:12]}
{[%emt 00:01:59]} 27. dxe4 {[%clk 00:05:26]} {[%emt 00:00:03]} Nc5 {[%clk
00:03:03]} {[%emt 00:00:38]} 28. Qc2 {[%clk 00:05:45]} {[%emt 00:00:18]} a4
{[%clk 00:03:21]} {[%emt 00:00:04]} 29. Nf3 {[%clk 00:06:04]} {[%emt 00:00:11]}
g5 {[%clk 00:03:31]} {[%emt 00:00:21]} 30. Rxd6 {[%clk 00:06:03]} {[%emt
00:00:30]} Rxd6 {[%clk 00:03:38]} {[%emt 00:00:25]} 31. Bxe5 {[%clk 00:06:18]}
{[%emt 00:00:12]} Ng6 {[%clk 00:03:24]} {[%emt 00:00:45]} 32. Bxd6 {[%clk
00:06:44]} {[%emt 00:00:06]} Qxd6 {[%clk 00:03:51]} {[%emt 00:00:02]} 33. Rd1
{[%clk 00:04:23]} {[%emt 00:02:56]} Qe7 {[%clk 00:02:42]} {[%emt 00:01:33]} 34.
Kg1 {[%clk 00:02:38]} {[%emt 00:02:17]} Qxe4 {[%clk 00:01:45]} {[%emt
00:01:27]} 35. Qxe4 {[%clk 00:02:42]} {[%emt 00:00:25]} Nxe4 {[%clk 00:02:01]}
{[%emt 00:00:13]} 36. Bd3 {[%clk 00:03:11]} {[%emt 00:00:01]} Rd8 {[%clk
00:02:16]} {[%emt 00:00:20]} 37. Ne1 {[%clk 00:01:46]} {[%emt 00:01:50]} Kg7
{[%clk 00:01:23]} {[%emt 00:01:25]} 38. Bc2 {[%clk 00:00:55]} {[%emt 00:01:18]}
Rxd1 {[%clk 00:01:28]} {[%emt 00:00:25]} 39. Bxd1 {[%clk 00:01:23]} {[%emt
00:00:01]} Nc5 {[%clk 00:01:16]} {[%emt 00:00:43]} 40. Kf1 {[%clk 00:00:50]}
{[%emt 00:01:05]} Ne5 {[%clk 00:01:11]} {[%emt 00:00:33]} 41. b3 {[%clk
00:27:01]} {[%emt 00:04:19]} Ne4 {[%clk 00:23:50]} {[%emt 00:07:50]} 42. Nf3
{[%clk 00:19:20]} {[%emt 00:08:11]} Nxf3 {[%emt 00:16:37]} 43. Bxf3 {[%clk
00:07:25]} {[%emt 00:07:15]} Nd2+ {[%clk 00:13:13]} {[%emt 00:00:10]} 44. Ke1
{[%clk 00:07:50]} {[%emt 00:00:05]} axb3 {[%clk 00:07:53]} {[%emt 00:05:51]}
45. axb3 {[%clk 00:08:14]} {[%emt 00:00:06]} Nxb3 {[%clk 00:07:12]} {[%emt
00:01:11]} 46. Bxc6 {[%clk 00:08:37]} {[%emt 00:00:06]} Kf6 {[%clk 00:07:37]}
{[%emt 00:00:06]} 47. Bd5 {[%clk 00:07:32]} {[%emt 00:01:35]} Ke5 {[%clk
00:07:43]} {[%emt 00:00:24]} 48. Ke2 {[%clk 00:07:51]} {[%emt 00:00:14]} Kd4
{[%clk 00:05:12]} {[%emt 00:02:59]} 49. Kf3 {[%clk 00:06:05]} {[%emt 00:02:16]}
Ke5 {[%clk 00:02:39]} {[%emt 00:03:03]} 50. Kg4 {[%clk 00:05:57]} {[%emt
00:00:37]} Kf6 {[%clk 00:02:58]} {[%emt 00:00:11]} 51. Kh5 {[%clk 00:06:21]}
{[%emt 00:00:06]} Kg7 {[%clk 00:01:33]} {[%emt 00:01:55]} 52. h4 {[%clk
00:06:30]} {[%emt 00:00:20]} Kf6 {[%clk 00:01:00]} {[%emt 00:01:03]} 53. Kxh6
{[%clk 00:06:20]} {[%emt 00:00:40]} gxh4 {[%clk 00:00:49]} {[%emt 00:00:42]}
54. Kh5 {[%clk 00:06:41]} {[%emt 00:00:08]} Kf5 {[%clk 00:00:51]} {[%emt
00:00:27]} 55. Kxh4 {[%clk 00:07:02]} {[%emt 00:00:08]} Nd4 {[%clk 00:01:17]}
{[%emt 00:00:04]} 56. g4+ {[%clk 00:06:41]} {[%emt 00:00:52]} fxg3 {[%clk
00:01:17]} {[%emt 00:00:31]} 57. fxg3 {[%clk 00:07:05]} {[%emt 00:00:05]} Nb3
{[%clk 00:01:22]} {[%emt 00:00:24]} 58. Kh5 {[%clk 00:07:30]} {[%emt 00:00:06]}
Kf6 {[%clk 00:01:48]} {[%emt 00:00:04]} 59. Kh6 {[%clk 00:06:32]} {[%emt
00:01:28]} Kf5 {[%clk 00:02:06]} {[%emt 00:00:11]} 60. Kh5 {[%clk 00:06:24]}
{[%emt 00:00:39]} Kf6 {[%clk 00:01:05]} {[%emt 00:01:31]} 61. g4 {[%clk
00:06:50]} {[%emt 00:00:03]} Kg7 {[%clk 00:01:23]} {[%emt 00:00:12]} 62. g5
{[%clk 00:07:16]} {[%emt 00:00:04]} Nc5 {[%clk 00:01:36]} {[%emt 00:00:16]} 63.
g6 {[%clk 00:06:44]} {[%emt 00:01:03]} Nd7 {[%clk 00:01:39]} {[%emt 00:00:28]}
64. Kg5 {[%clk 00:02:53]} {[%emt 00:04:20]} Ne5 {[%clk 00:02:05]} {[%emt
00:00:05]} 65. Bf7 {[%clk 00:02:35]} {[%emt 00:00:48]} Nf3+ {[%clk 00:00:34]}
{[%emt 00:02:01]} 66. Kf4 {[%clk 00:02:42]} {[%emt 00:00:22]} Nd4 {[%clk
00:00:50]} {[%emt 00:00:16]} 67. Ke4 {[%clk 00:03:01]} {[%emt 00:00:10]} Nc6
{[%clk 00:00:55]} {[%emt 00:00:25]} 68. Kd5 {[%clk 00:03:24]} {[%emt 00:00:08]}
Ne7+ {[%clk 00:01:18]} {[%emt 00:00:07]} 69. Ke6 {[%clk 00:03:43]} {[%emt
00:00:11]} Nc6 {[%clk 00:01:21]} {[%emt 00:00:27]} 70. Kd6 {[%clk 00:04:05]}
{[%emt 00:00:07]} Nd8 {[%clk 00:01:20]} {[%emt 00:00:32]} 71. Kc7 {[%clk
00:04:25]} {[%emt 00:00:10]} Nxf7 {[%clk 00:01:26]} {[%emt 00:00:24]} 72. gxf7
{[%clk 00:04:49]} {[%emt 00:00:07]} Kxf7 {[%clk 00:01:51]} {[%emt 00:00:05]}
73. c5 {[%clk 00:05:18]} {[%emt 00:00:01]} Ke7 {[%clk 00:02:15]} {[%emt
00:00:06]} 74. c6 {[%clk 00:05:44]} {[%emt 00:00:03]} Ke8 {[%clk 00:02:40]}
{[%emt 00:00:05]} 75. Kb7 {[%clk 00:06:10]} {[%emt 00:00:04]} 1-0

[Event "DEM U18 2023"]
[Site "Willingen GER"]
[Date "2023.05.31"]
[Round "5"]
[White "Wurmbauer, Nils"]
[Black "Großmann, Piet"]
[Result "0-1"]
[Termination "normal"]
[Board "12"]
[WhiteElo "1995"]
[BlackElo "1935"]
[WhiteClock "00:52:11"]
[BlackClock "00:45:34"]
[PlyCount "48"]
[WhiteFideId "16253337"]
[BlackFideId "16234359"]
[EventCountry "GER"]
[EventRounds "9"]
[EventType "swiss"]
[EventDate "2023.05.27"]

1. e4 {[%clk 01:30:58]} e6 {[%clk 01:30:54]} 2. d4 {[%clk 01:31:23]} d5 {[%clk
01:31:20]} 3. Nc3 {[%clk 01:31:49]} Nf6 {[%clk 01:31:46]} 4. Bg5 {[%clk
01:32:14]} Be7 {[%clk 01:31:33]} 5. e5 {[%clk 01:32:40]} Nfd7 {[%clk 01:31:58]}
6. Bxe7 Qxe7 {[%clk 01:32:25]} 7. f4 {[%clk 01:33:29]} a6 {[%clk 01:32:12]} 8.
Nf3 {[%clk 01:32:37]} c5 {[%clk 01:32:11]} 9. Qd2 {[%clk 01:31:02]} Nc6 {[%clk
01:32:25]} 10. O-O-O {[%clk 01:30:07]} b5 {[%clk 01:31:46]} 11. dxc5 {[%clk
01:29:56]} Nxc5 {[%clk 01:31:57]} 12. Bd3 {[%clk 01:26:55]} b4 {[%clk
01:26:28]} 13. Ne2 {[%clk 01:25:50]} O-O {[%clk 01:24:53]} 14. g4 {[%clk
01:21:07]} a5 {[%clk 01:13:48]} 15. Ng5 {[%clk 01:16:27]} h6 {[%clk 01:09:10]}
16. Nh7 {[%clk 01:10:46]} Nxd3+ {[%clk 01:00:34]} 17. Qxd3 {[%clk 01:10:53]}
Ba6 {[%clk 01:00:59]} 18. c4 {[%clk 00:59:27]} Bxc4 {[%clk 00:59:37]} 19. Qc2
{[%clk 00:59:43]} b3 {[%clk 00:49:36]} {[%emt 00:05:10]} 20. axb3 {[%clk
00:56:25]} {[%emt 00:03:46]} Nb4 {[%clk 00:50:00]} {[%emt 00:00:10]} 21. Qd2
{[%clk 00:55:28]} {[%emt 00:01:25]} Bxe2 {[%clk 00:49:47]} {[%emt 00:00:41]}
22. Qxe2 {[%clk 00:53:24]} {[%emt 00:02:34]} Kxh7 {[%clk 00:49:12]} {[%emt
00:01:05]} 23. g5 {[%clk 00:53:08]} {[%emt 00:00:46]} a4 {[%clk 00:48:04]}
{[%emt 00:01:41]} 24. gxh6 {[%clk 00:52:11]} {[%emt 00:01:24]} g6 {[%clk
00:45:34]} {[%emt 00:03:00]} 0-1

[Event "DEM U18 2023"]
[Site "Willingen GER"]
[Date "2023.05.31"]
[Round "5"]
[White "Chitsazian, Daniel"]
[Black "Neugirg, Mika"]
[Result "1/2-1/2"]
[Termination "normal"]
[Board "13"]
[WhiteElo "1900"]
[BlackElo "1781"]
[WhiteClock "00:15:25"]
[BlackClock "00:27:09"]
[PlyCount "107"]
[WhiteFideId "34607560"]
[BlackFideId "34619160"]
[EventCountry "GER"]
[EventRounds "9"]
[EventType "swiss"]
[EventDate "2023.05.27"]

1. e4 {[%clk 01:30:54]} {[%emt 00:00:06]} c6 {[%clk 01:30:46]} {[%emt
00:00:14]} 2. d4 {[%clk 01:31:18]} {[%emt 00:00:07]} d5 {[%clk 01:31:11]}
{[%emt 00:00:04]} 3. Nd2 {[%clk 01:31:46]} {[%emt 00:00:03]} dxe4 {[%clk
01:31:27]} {[%emt 00:00:15]} 4. Nxe4 {[%clk 01:32:02]} {[%emt 00:00:14]} Nd7
{[%clk 01:31:17]} {[%emt 00:00:39]} 5. Nf3 {[%clk 01:32:23]} {[%emt 00:00:10]}
Ngf6 {[%clk 01:31:37]} {[%emt 00:00:09]} 6. Ng3 {[%clk 01:27:49]} {[%emt
00:05:05]} g6 {[%clk 01:28:09]} {[%emt 00:03:57]} 7. c3 {[%clk 01:24:47]}
{[%emt 00:03:32]} Bg7 {[%clk 01:26:24]} {[%emt 00:02:25]} 8. h4 {[%clk
01:24:57]} {[%emt 00:00:11]} h5 {[%clk 01:19:35]} {[%emt 00:07:19]} 9. Bg5
{[%clk 01:23:57]} {[%emt 00:01:30]} Qc7 {[%clk 01:15:20]} {[%emt 00:04:45]} 10.
Qd2 {[%clk 01:20:46]} {[%emt 00:03:41]} O-O {[%clk 01:11:03]} {[%emt 00:04:46]}
11. Bf4 {[%clk 01:11:36]} {[%emt 00:09:41]} Qa5 {[%clk 01:09:07]} {[%emt
00:02:25]} 12. Ne5 {[%clk 01:03:07]} {[%emt 00:09:00]} Nxe5 {[%clk 01:05:11]}
{[%emt 00:04:25]} 13. Bxe5 {[%clk 01:02:17]} {[%emt 00:01:20]} Be6 {[%clk
01:03:41]} {[%emt 00:02:00]} 14. Bd3 {[%clk 00:59:18]} {[%emt 00:03:29]} Rad8
{[%clk 00:54:26]} {[%emt 00:09:46]} 15. Qe2 {[%clk 00:51:21]} {[%emt 00:08:26]}
c5 {[%clk 00:52:12]} {[%emt 00:02:44]} 16. Bxf6 {[%clk 00:25:40]} {[%emt
00:26:11]} exf6 {[%clk 00:50:12]} {[%emt 00:02:30]} 17. Nxh5 {[%clk 00:16:41]}
{[%emt 00:09:30]} Rfe8 {[%clk 00:29:25]} {[%emt 00:21:16]} 18. Nxg7 {[%clk
00:16:44]} {[%emt 00:00:27]} Kxg7 {[%clk 00:29:44]} {[%emt 00:00:10]} 19. Kf1
{[%clk 00:15:25]} {[%emt 00:01:50]} cxd4 {[%clk 00:27:09]} {[%emt 00:03:05]}
20. c4 Bxc4 {[%clk 00:27:09]} 21. Qc2 Bxd3+ {[%clk 00:27:09]} 22. Qxd3 Rd5
{[%clk 00:27:09]} 23. g4 Qc7 {[%clk 00:27:09]} 24. Qf3 Rde5 {[%clk 00:27:09]}
25. Rd1 Re4 {[%clk 00:27:09]} 26. h5 Qc6 {[%clk 00:27:09]} 27. Rh3 Qe6 {[%clk
00:27:09]} 28. hxg6 fxg6 {[%clk 00:27:09]} 29. Rc1 Re7 {[%clk 00:27:09]} 30.
Rg3 Re1+ {[%clk 00:27:09]} 31. Rxe1 Qxe1+ {[%clk 00:27:09]} 32. Kg2 Qe4 {[%clk
00:27:09]} 33. Qxe4 Rxe4 {[%clk 00:27:09]} 34. Kf3 Re7 {[%clk 00:27:09]} 35.
Rg1 Rc7 {[%clk 00:27:09]} 36. Re1 Kf7 {[%clk 00:27:09]} 37. Re2 d3 {[%clk
00:27:09]} 38. Rd2 Rd7 {[%clk 00:27:09]} 39. Ke3 Ke6 {[%clk 00:27:09]} 40. f4
g5 {[%clk 00:27:09]} 41. fxg5 fxg5 {[%clk 00:27:09]} 42. Ke4 Rd8 {[%clk
00:27:09]} 43. a4 a5 {[%clk 00:27:09]} 44. b3 Rd7 {[%clk 00:27:09]} 45. Rxd3
Rxd3 {[%clk 00:27:09]} 46. Kxd3 Kd5 {[%clk 00:27:09]} 47. Kc3 Kc5 {[%clk
00:27:09]} 48. Kd3 Kb4 {[%clk 00:27:09]} 49. Kc2 Kc5 {[%clk 00:27:09]} 50. Kc3
b6 {[%clk 00:27:09]} 51. b4+ Kd5 {[%clk 00:27:09]} 52. bxa5 bxa5 {[%clk
00:27:09]} 53. Kd3 Kc5 {[%clk 00:27:09]} 54. Kc3 1/2-1/2

[Event "DEM U18 2023"]
[Site "Willingen GER"]
[Date "2023.05.31"]
[Round "5"]
[White "Plaumann, Arvin"]
[Black "May, Ben-Iven"]
[Result "1/2-1/2"]
[Termination "normal"]
[Board "14"]
[WhiteElo "1786"]
[BlackElo "1940"]
[WhiteClock "00:28:06"]
[BlackClock "00:02:51"]
[PlyCount "70"]
[WhiteFideId "16272927"]
[BlackFideId "16229673"]
[EventCountry "GER"]
[EventRounds "9"]
[EventType "swiss"]
[EventDate "2023.05.27"]

1. d4 {[%clk 01:30:57]} {[%emt 00:00:03]} Nf6 {[%clk 01:30:51]} {[%emt
00:00:08]} 2. g3 {[%clk 01:31:22]} {[%emt 00:00:05]} g6 {[%clk 01:31:08]}
{[%emt 00:00:14]} 3. Bg2 {[%clk 01:31:48]} {[%emt 00:00:03]} Bg7 {[%clk
01:31:35]} {[%emt 00:00:04]} 4. e4 {[%clk 01:32:09]} {[%emt 00:00:08]} d6
{[%clk 01:29:53]} {[%emt 00:02:12]} 5. Ne2 {[%clk 01:32:34]} {[%emt 00:00:06]}
O-O {[%clk 01:30:04]} {[%emt 00:00:19]} 6. Nbc3 {[%clk 01:32:57]} {[%emt
00:00:07]} e5 {[%clk 01:26:32]} {[%emt 00:04:03]} 7. h3 {[%emt 00:00:47]} Nc6
{[%emt 00:00:04]} 8. Be3 {[%clk 01:33:41]} {[%emt 00:00:09]} Re8 {[%clk
01:24:53]} {[%emt 00:01:55]} 9. O-O {[%clk 01:33:59]} {[%emt 00:00:11]} Bd7
{[%clk 01:21:40]} {[%emt 00:03:43]} 10. Qd2 {[%emt 00:02:39]} exd4 {[%clk
01:14:55]} {[%emt 00:04:57]} 11. Nxd4 {[%clk 01:34:23]} {[%emt 00:00:14]} Rb8
{[%clk 01:02:04]} {[%emt 00:13:22]} 12. Rfe1 {[%clk 01:27:28]} {[%emt
00:07:24]} a6 {[%clk 01:00:23]} {[%emt 00:02:12]} 13. a4 {[%clk 01:22:47]}
{[%emt 00:05:12]} Nxd4 {[%emt 00:19:49]} 14. Bxd4 {[%emt 00:01:14]} Bc6 {[%emt
00:00:09]} 15. Rad1 {[%emt 00:14:03]} Nd7 {[%clk 00:29:56]} {[%emt 00:05:08]}
16. Bxg7 {[%clk 01:09:53]} {[%emt 00:05:56]} Kxg7 {[%clk 00:30:25]} {[%emt
00:00:01]} 17. Nd5 {[%clk 01:04:35]} {[%emt 00:05:48]} Bxd5 {[%clk 00:28:43]}
{[%emt 00:02:13]} 18. exd5 {[%emt 00:02:17]} Qf6 {[%clk 00:27:09]} {[%emt
00:00:47]} 19. b3 {[%emt 00:04:09]} h5 {[%clk 00:22:16]} {[%emt 00:04:39]} 20.
Re3 {[%clk 00:50:00]} {[%emt 00:11:39]} Rxe3 {[%clk 00:16:00]} {[%emt
00:06:46]} 21. Qxe3 {[%clk 00:50:23]} {[%emt 00:00:08]} Qe5 {[%clk 00:16:00]}
{[%emt 00:00:30]} 22. Qxe5+ {[%clk 00:49:24]} {[%emt 00:01:28]} Nxe5 {[%clk
00:16:25]} {[%emt 00:00:06]} 23. f4 {[%clk 00:49:46]} {[%emt 00:00:08]} Nd7
{[%clk 00:16:46]} {[%emt 00:00:09]} 24. Re1 {[%clk 00:49:51]} {[%emt 00:00:24]}
Kf8 {[%clk 00:15:11]} {[%emt 00:02:05]} 25. Kf2 {[%clk 00:48:49]} {[%emt
00:01:32]} Re8 {[%clk 00:15:31]} {[%emt 00:00:10]} 26. Rxe8+ {[%clk 00:49:09]}
{[%emt 00:00:10]} Kxe8 {[%clk 00:16:00]} {[%emt 00:00:03]} 27. Ke3 {[%clk
00:49:20]} {[%emt 00:00:18]} f5 {[%clk 00:11:37]} {[%emt 00:04:53]} 28. b4
{[%clk 00:46:43]} a5 {[%clk 00:10:35]} {[%emt 00:08:08]} 29. Kd4 {[%clk
00:30:08]} axb4 {[%clk 00:10:35]} 30. Kc4 {[%clk 00:30:08]} Nc5 {[%clk
00:10:35]} 31. Kxb4 {[%clk 00:30:08]} Nd7 {[%clk 00:08:59]} {[%emt 00:15:42]}
32. Kc4 {[%emt 00:01:58]} Nc5 {[%emt 00:04:08]} 33. Kb4 {[%clk 00:29:01]}
{[%emt 00:00:01]} Ke7 {[%clk 00:05:06]} {[%emt 00:00:52]} 34. Bf3 {[%clk
00:28:06]} {[%emt 00:01:25]} Kf6 {[%clk 00:03:33]} {[%emt 00:02:04]} 35. a5
{[%emt 00:01:45]} Ke7 {[%clk 00:02:51]} {[%emt 00:00:42]} 1/2-1/2